Plan de manejo de los recursos naturales del territorio colectivo de las comunidades afro en Santa Cecilia, Pueblo Rico (Risaralda, Colombia) / (Registro nro. 8228)
[ vista simple ]
| 000 -CABECERA | |
|---|---|
| Campo de control | 00947nam a22002177a 4500 |
| 005 - FECHA Y HORA DE LA ULTIMA TRANSACCION | |
| Campo de control | 20141028152457.0 |
| 008 - ELEMENTOS DE LONGITUD FIJA—INFORMACION GENERAL | |
| Campo de control | 140305b2012 ck ||||| |||| 00| 0 spa d |
| 020 ## - ISBN | |
| ISBN | 978588370361 |
| 041 ## - IDIOMA | |
| Código de idioma para texto/pista de sonido o título separado | Español |
| 044 ## - PAÍS DE PUBLICACIÓN | |
| País de publicación | Colombia |
| 082 00 - NUMERO DE CLASIFICACION DECIMAL DEWEY | |
| Número de clasificación | 333.72 |
| Número del ítem | C26t |
| 110 1# - ASIENTO PRINCIPAL--NOMBRE CORPORATIVO | |
| Nombre corporativo o de jurisdicción como elemento de entrada | Corporación Autónoma Regional de Risaralda CARDER |
| 245 10 - MENCION DE TITULO | |
| Título | Plan de manejo de los recursos naturales del territorio colectivo de las comunidades afro en Santa Cecilia, Pueblo Rico (Risaralda, Colombia) / |
| Mención de responsabilidad | Corporación Autónoma Regional de Risaralda CARDER |
| 260 ## - PUBLICACION, DISTRIBUCION, ETC. (PIE DE IMPRENTA) | |
| Lugar de publicación, distribución, etc. | Pereira : |
| Nombre del editor, distribuidor, etc. | Corporación Autónoma Regional de Risaralda CARDER, |
| Fecha de publicación, distribución, etc. | 2012. |
| 300 ## - DESCRIPCION FISICA | |
| Extensión | 138 p. |
| Otros detalles físicos | tablas, mapas |
| Dimensiones | 28 cm. |
| 504 ## - NOTA DE BIBLIOGRAFIA, ETC. | |
| Nota de bibliografía | Incluye referencias bibliográficas (p.137 - 138) |
| 650 #4 - ASIENTO SECUNDARIO DE MATERIA - TERMINO TEMATICO | |
| Término temático o nombre geográfico como elemento de entrada | Recursos Naturales |
| Subdivisión general | Planes de manejo |
| 650 #6 - ASIENTO SECUNDARIO DE MATERIA - TERMINO TEMATICO | |
| Término temático o nombre geográfico como elemento de entrada | Afrocolombianos |
| Subdivisión geográfica | Risaralda (Colombia) |
| 651 ## - ASIENTO SECUNDARIO DE MATERIA - NOMBRE GEOGRAFICO | |
| Nombre geográfico | Colombia |
| Subdivisión geográfica | Risaralda (Colombia) |
| -- | Santa Cecilia |
| -- | Pueblo Rico |
| 942 ## - ELEMENTOS ADICIONALES (KOHA) | |
| Sistema de clasificación | Dewey Decimal Classification |
| Tipo de ítem | Libro |
| Withdrawn status | Lost status | Sistema de Clasificación | Damaged status | No para préstamo | Colección | Inventariado | Ubicación Permanente | Ubicación actual | Fecha de adquisición | Fuente de Valor | Valor | Total Checkouts | Número topográfico | Inventario / Código de Barras | Date last seen | Ejemplar | Price effective from | Forma de adquisición | Tipo de material |
|---|---|---|---|---|---|---|---|---|---|---|---|---|---|---|---|---|---|---|---|
| Dewey Decimal Classification | General | Inventariado 2017 | Bogotá | Bogotá | 05/03/2014 | Instituto | 39000.00 | LB-333.72 C26t | 034035 | 05/03/2014 | Ej. 1 | 05/03/2014 | Canje | Libro | |||||
| Dewey Decimal Classification | General | Inventariado 2017 | Bogotá | Bogotá | 20/08/2015 | Instituto | 39000.00 | LB-333.72 C26t | 042125 | 20/08/2015 | Ej. 3 | 20/08/2015 | Libro | ||||||
| Dewey Decimal Classification | General | Inventariado 2017 | Sala Fabio Quevedo | Sala Fabio Quevedo | 28/10/2014 | Instituto | 39000.00 | LB-333.72 C26t | 038400 | 28/10/2014 | Ej. 2 | 28/10/2014 | Canje | Libro |